Library of the University of Algiers 3
Ibrahim Sultan Cheibout
شعار جامعة الجزائر 3
مكتبة جامعة الجزائر 3
إبراهيم سلطان شيبوط

أصول قانون المرافعات المدنية والتجارية : (رقم التسجيلة. 45375)

تفاصيل مارك
000 -LEADER
fixed length control field 01336nam a2200205Ia 4500
003 - CONTROL NUMBER IDENTIFIER
control field Ost
005 - DATE AND TIME OF LATEST TRANSACTION
control field 20260507075639.0
008 - FIXED-LENGTH DATA ELEMENTS--GENERAL INFORMATION
fixed length control field 260507s9999||||xx |||||||||||||| ||und||
040 ## - CATALOGING SOURCE
Transcribing agency fsecg
041 ## - LANGUAGE CODE
Language code of text/sound track or separate title ara
082 ## - DEWEY DECIMAL CLASSIFICATION NUMBER
Classification number 347
100 ## - MAIN ENTRY--PERSONAL NAME
Personal name هندي، أحمد
Relator term مؤلف
245 #0 - TITLE STATEMENT
Title أصول قانون المرافعات المدنية والتجارية :
Remainder of title دراسة في التنظيم القضائي والإختصاص، دعوى الخصومة، الحكم و الطعن فيه /
Statement of responsibility, etc. أحمد هندي
260 ## - PUBLICATION, DISTRIBUTION, ETC.
Place of publication, distribution, etc. الإسكندرية:
Name of publisher, distributor, etc. دار الجامعة الجديدية,
Date of publication, distribution, etc. 2002
300 ## - PHYSICAL DESCRIPTION
Extent 1111 صفحة؛
Dimensions 26 سم
520 ## - SUMMARY, ETC.
Summary, etc. النظام القضائي:ترتيب و تشكيل المحاكم،القاضي-الاختصاص،الاختصاص الوظيفي أو الولائي،الاختصاص النوعي و القيمي-الاختصاص القيميالاختصاص المحلي-الدعوى،شروط قبول الدعوى،تقسيم الدعاوي، اسعمال الدعوى-الخصومة،اجراءات رفع الدعوى،اعلان أوراق المرافعات،مواعيدالمرافعات،عوارض الخصومة،الجزاءالاجرائي-الحكم و الطعن،الحكمالقضائي،الطعن .
653 ## - INDEX TERM--UNCONTROLLED
Uncontrolled term القضاء
653 ## - INDEX TERM--UNCONTROLLED
Uncontrolled term المحاكم
942 ## - ADDED ENTRY ELEMENTS (KOHA)
Koha item type كتب
المقتنيات
Withdrawn status Lost status Source of classification or shelving scheme Damaged status Not for loan Home library Current library Date acquired Serial enumeration / chronology Inventory number Total checkouts Full call number Barcode Date last seen Price effective from Koha item type
    Dewey Decimal Classification   NOT LOAN / إعارة داخلية مكتبة كلية العلوم الإقتصادية والعلوم التجارية وعلوم التسيير مكتبة كلية العلوم الإقتصادية والعلوم التجارية وعلوم التسيير 07/05/2026 الطابق الأرضي 866/1   أ/866ن1 866/1 07/05/2026 07/05/2026 كتب
    Dewey Decimal Classification   Available مكتبة كلية العلوم الإقتصادية والعلوم التجارية وعلوم التسيير مكتبة كلية العلوم الإقتصادية والعلوم التجارية وعلوم التسيير 07/05/2026 الطابق الأرضي 866/2   أ/866ن2 866/2 07/05/2026 07/05/2026 كتب
    Dewey Decimal Classification   Available مكتبة كلية العلوم الإقتصادية والعلوم التجارية وعلوم التسيير مكتبة كلية العلوم الإقتصادية والعلوم التجارية وعلوم التسيير 07/05/2026 الطابق الأرضي 866/3   أ/866ن3 866/3 07/05/2026 07/05/2026 كتب
    Dewey Decimal Classification   Available مكتبة كلية العلوم الإقتصادية والعلوم التجارية وعلوم التسيير مكتبة كلية العلوم الإقتصادية والعلوم التجارية وعلوم التسيير 07/05/2026 الطابق الأرضي 866/4   أ/866ن4 866/4 07/05/2026 07/05/2026 كتب
    Dewey Decimal Classification   Available مكتبة كلية العلوم الإقتصادية والعلوم التجارية وعلوم التسيير مكتبة كلية العلوم الإقتصادية والعلوم التجارية وعلوم التسيير 07/05/2026 الطابق الثاني 866/5   أ/866ن5 866/5 07/05/2026 07/05/2026 كتب
    Dewey Decimal Classification   Available مكتبة كلية العلوم الإقتصادية والعلوم التجارية وعلوم التسيير مكتبة كلية العلوم الإقتصادية والعلوم التجارية وعلوم التسيير 07/05/2026 الطابق الثاني 866/6   أ/866ن6 866/6 07/05/2026 07/05/2026 كتب

موارد الويب المفتوحة


© University of Algiers 3 All Rights Reserved
|
Implemented by LECHELAH Riad